000 00394nam a2200169Ia 4500
001 795
003 IN-NITTTR
005 20251114232902.0
008 251113s9999||||xx |||||||||||||| ||eng||
040 _beng
040 _cIN-NITTTR
041 _aeng
082 _a526.9 C594P
100 _aClark, David
245 0 _aPlane and geodetic surveying for engineers /
_cClark, David
942 _2ddc
_cBK
999 _c557
_d557